Catálogo público

Plantas tropicales ornamentales y útiles / Andreas Bärtels; traducción Ma. José Vázquez (Record no. 217283)

MARC details
000 -CABECERA
campo de control de longitud fija 00896nam a2200265Ia 4500
001 - NÚMERO DE CONTROL
campo de control Para_10479
008 - DATOS DE LONGITUD FIJA--INFORMACIÓN GENERAL
campo de control de longitud fija 220602s9999 xx 000 0 und d
020 ## - NÚMERO INTERNACIONAL ESTÁNDAR DEL LIBRO
Número Internacional Estándar del Libro 84 - 282 - 1409 - 3
082 ## - NÚMERO DE LA CLASIFICACIÓN DECIMAL DEWEY
Número de clasificación PA 635.952 B37 2005
100 ## - ENTRADA PRINCIPAL--NOMBRE DE PERSONA
Nombre de persona Bärtels, Andreas
9 (RLIN) 185105
245 ## - MENCIÓN DE TÍTULO
Título Plantas tropicales ornamentales y útiles / Andreas Bärtels; traducción Ma. José Vázquez
260 ## - PUBLICACIÓN, DISTRIBUCIÓN, ETC.
Lugar de publicación, distribución, etc. España : Omega
300 ## - DESCRIPCIÓN FÍSICA
Extensión 390 p.
440 ## - MENCIÓN DE SERIE/PUNTO DE ACCESO ADICIONAL--TÍTULO
Título Guía de identificación
9 (RLIN) 185106
500 ## - NOTA GENERAL
Nota general Traducción de: TROPENPFLANZEN \ Se describen unas 330 especies con fotografía y texto
503 ## - NOTA DE HISTORIA BIBLIOGRÁFICA (BK CF MU) [OBSOLETO]
Nota de historia bibliográfica C/e (ej.1) \ C/e (ej.2)
650 ## - PUNTO DE ACCESO ADICIONAL DE MATERIA--TÉRMINO DE MATERIA
Término de materia o nombre geográfico como elemento de entrada 1.Plantas - Trópico
650 ## - PUNTO DE ACCESO ADICIONAL DE MATERIA--TÉRMINO DE MATERIA
Término de materia o nombre geográfico como elemento de entrada Plantas ornamentales
700 ## - PUNTO DE ACCESO ADICIONAL--NOMBRE DE PERSONA
Nombre de persona I.Vázquez, Ma. José, tr.Ì
9 (RLIN) 185108
901 ## - ELEMENTOS DE DATOS A LOCAL LDA (RLIN)
a PA 635.952 B37 2005
902 ## - ELEMENTOS DE DATOS B LOCAL, LDB (RLIN)
a M
905 ## - ELEMENTOS DE DATOS E LOCAL, LDE (RLIN)
a 5232202005 sp a 8000000300spa06
942 ## - ELEMENTOS DE PUNTO DE ACCESO ADICIONAL (KOHA)
Tipo de ítem Koha Libro_
Holdings
Estado de retiro Estado de pérdida Fuente del sistema de clasificación o colocación Estado dañado Restricciones de uso No para préstamo Código de colección Localización permanente Ubicación/localización actual Fecha de adquisición Número de inventario Total de préstamos Signatura topográfica completa Código de barras Fecha visto por última vez Número de copia Precio válido a partir de Tipo de ítem Koha Nota pública
    Dewey Decimal Classification   Préstamo 3 días   General Parasitologia Agricola Parasitologia Agricola 30/11/2017 (PA_010730 ) (No. UACh C/E)   PA 635.952 B37 2005 4102003805 02/06/2022 Ej.2 02/06/2022 Libro 2
    Dewey Decimal Classification   Préstamo interno   General Parasitologia Agricola Parasitologia Agricola 27/11/2017 (PA_010726) (No. UACh C/E)   PA 635.952 B37 2005 4102003804 02/06/2022 Ej.1 02/06/2022 Libro 3